000 00303nam a2200121Ia 4500
005 20251222143216.0
008 251222s9999||||xx |||||||||||||| ||spa||
082 _a920.985/D16
100 _aDager Alva, Joseph
245 0 _aHipólito Unanue o el Cambio en la Continuidad
264 _bI&D
942 _cLIB
999 _c13649
_d13649